=LDR 00000nam 2200000 4500 =001 INLIS000000000027944 =005 20130612130301 =008 ***********************************Ind** =035 ##$$0010-061300000027944 =041 ##$$a Ind =082 ##$$a 786.2 =090 ##$$a 786.2, Mul m =100 ##$$a Mulyanto, Eko S =245 ##$$a Metode dasar bermain piano pop, Eko S. Mulyanto, penyunting, Ida ayu Maruti =260 ##$$a 2005 $b Jakarta =300 ##$$a vii, 83 hlm, ilus, 28 cm =650 ##$$a Musik piano =700 ##$$a Maruti, Ida ayu =850 ##$$a NBPNMAT